000 00319nab a22001097u 4500
008 130520b1987 xxu||||| |||| 00| 0 spa d
041 _aspa
100 1 _aRémond, René
_d(1918-2007)
_911066
245 0 0 _aEl caso de Francia
_cRené Rémond
773 0 _tConcilium
_gV.2,1987,págs.253-262
_x0210-1041
_wRev134
942 _cAR
999 _c355338
_d355338